00810nac a22002291u 4500020001500000082001600015090001500031100003400046245010800080260003400188300002600222500002600248511002600274650002900300650002700329650003100356650001800387700001700405942001800422999001500440952012500455 a0415369614 a327.17bPRI c8457d8457 a20080729  aThe heart of war :b on power, conflict and obligation in the twentieth-century /cedited by Gwyn Prins aLondon:bRoutledge,2002c2002 a308p.:bill.;c21 cm. adistributer: Al-Ahram acatalogued by: wessam aSecurity, International. aWorld politicsy1989-. aHumanitarian intervention. aHuman rights. aPrins, Gwyn. cBBk327.17PRI c8457d8457 00102ddc4070aMAINbMAINc1STd2008-03-09ePurchasel5m24o327.17PRIp000056825r2025-07-15 00:00:00s2014-08-14yBB